000 00457nam a22001817a 4500
005 20250328092600.0
008 250328b |||||||| |||| 00| 0 eng d
020 _a9780273737025
050 _aHD30
_b.28.J62 JOH
100 _aJohnson, Gerry
245 _aExploring strategy
250 _a9th
260 _aHarlow
_bPearson Education Ltd.
_cc2011
300 _axx, 773p
700 _aWhittington Richard
700 _aScholes Kevan
942 _2lcc
_cBK
_n0
999 _c5281
_d5281